Principle centered leadership

Bibliographic Details
Main Author: Covey, Stephen R
Format: Book
Published: New York : Freepress , 1991
Subjects:

MARC

LEADER 00000cam a2200000 7i4500
001 0000012167
005 20071211.0
008 071204
020 |a 0671792806 
090 0 0 |a 158.4   |b COV 
100 1 |a Covey, Stephen R 
245 1 0 |a Principle centered leadership   |c Stephen R. Covey 
260 |a New York :   |b Freepress ,   |c 1991 
650 0 |a Leadership 
650 0 |a Success in business 
650 0 |a Success   |x Psychological aspects 
999 |a 0000000100   |b Book   |c Adult Collection   |e Cawangan Bandar Penawar 
999 |a 0000000982   |b Book   |c Adult Collection   |e Cawangan Bandar Penawar 
999 |a 0001003656   |b Book   |c Adult Collection   |e Perbadanan Perpustakaan Awam Johor 
999 |a 0001003657   |b Book   |c Adult Collection   |e Perbadanan Perpustakaan Awam Johor